Proceeding of the second workshop on surveying education in Southern Africa, Cape Town, 1-2 February 1994 (Record no. 92646)
[ view plain ]
| 000 -LEADER | |
|---|---|
| fixed length control field | 03121cam a2200817 4500 |
| 001 - CONTROL NUMBER | |
| control field | J2605 |
| 008 - FIXED-LENGTH DATA ELEMENTS--GENERAL INFORMATION | |
| fixed length control field | 090401t1994 xxu||||| |||| 00| 0 eng d |
| 035 ## - SYSTEM CONTROL NUMBER | |
| System control number | (Sirsi) u50030 |
| 041 ## - LANGUAGE CODE | |
| Language code of text/sound track or separate title | eng |
| 050 ## - LIBRARY OF CONGRESS CALL NUMBER | |
| Classification number | 526.90968 |
| -- | 18 |
| 245 ## - TITLE STATEMENT | |
| Title | Proceeding of the second workshop on surveying education in Southern Africa, Cape Town, 1-2 February 1994 |
| 260 ## - PUBLICATION, DISTRIBUTION, ETC. | |
| Place of publication, distribution, etc. | Cape Town |
| Name of publisher, distributor, etc. | University of Cape Town |
| Date of publication, distribution, etc. | 1994 |
| 300 ## - PHYSICAL DESCRIPTION | |
| Extent | xiv, 102p. |
| Dimensions | 21cm. |
| 350 ## - PRICE (NR) (BK AM CF MU VM SE) [OBSOLETE] | |
| Price | 0 |
| 505 ## - FORMATTED CONTENTS NOTE | |
| Formatted contents note | Surveying education for developing nations |
| 505 ## - FORMATTED CONTENTS NOTE | |
| Formatted contents note | The evolution of the University of Zimbabwe surveying degree |
| 505 ## - FORMATTED CONTENTS NOTE | |
| Formatted contents note | A part time postgraduate programme in GIS at the University of Cape Town |
| 505 ## - FORMATTED CONTENTS NOTE | |
| Formatted contents note | Professional development: some problems and solutions from the Swaziland perspective |
| 505 ## - FORMATTED CONTENTS NOTE | |
| Formatted contents note | A professional land surveying progamme for the southern Africa region |
| 505 ## - FORMATTED CONTENTS NOTE | |
| Formatted contents note | Urbanisation and environment |
| 505 ## - FORMATTED CONTENTS NOTE | |
| Formatted contents note | The training of survey assistants within ESKOM |
| 505 ## - FORMATTED CONTENTS NOTE | |
| Formatted contents note | Evaluation of the surveying and LIS/GIS education and training needs for Zimbabwe (and SADC region) |
| 505 ## - FORMATTED CONTENTS NOTE | |
| Formatted contents note | Hydrography in SA Navy |
| 505 ## - FORMATTED CONTENTS NOTE | |
| Formatted contents note | Soem developments in education and training in hydrographic survey in South Africa |
| 505 ## - FORMATTED CONTENTS NOTE | |
| Formatted contents note | Aspects of survey curriculum particular to Zambia |
| 505 ## - FORMATTED CONTENTS NOTE | |
| Formatted contents note | Continuous updating of the syllabuses of geomatics courses |
| 505 ## - FORMATTED CONTENTS NOTE | |
| Formatted contents note | Developing a degree course for technikons |
| 505 ## - FORMATTED CONTENTS NOTE | |
| Formatted contents note | Meeting challenges of the information technology |
| 505 ## - FORMATTED CONTENTS NOTE | |
| Formatted contents note | Mapping, land management and administration in tribal areas of Botswana |
| 505 ## - FORMATTED CONTENTS NOTE | |
| Formatted contents note | Land information management in Botswana |
| 505 ## - FORMATTED CONTENTS NOTE | |
| Formatted contents note | The surveyor in the year 2000 |
| 505 ## - FORMATTED CONTENTS NOTE | |
| Formatted contents note | New aspects in surveying profession and education |
| 505 ## - FORMATTED CONTENTS NOTE | |
| Formatted contents note | An outsider's speculations on the future of surveying education in South Africa |
| 505 ## - FORMATTED CONTENTS NOTE | |
| Formatted contents note | Profile of a surveyor in the year 2000 |
| 505 ## - FORMATTED CONTENTS NOTE | |
| Formatted contents note | Education and training in the mapping sciences and GIS in Zimbabwe |
| 650 ## - SUBJECT ADDED ENTRY--TOPICAL TERM | |
| Topical term or geographic name entry element | BOTSWANA |
| 650 ## - SUBJECT ADDED ENTRY--TOPICAL TERM | |
| Topical term or geographic name entry element | ESKOM |
| 650 ## - SUBJECT ADDED ENTRY--TOPICAL TERM | |
| Topical term or geographic name entry element | REPUBLIC OF SOUTH AFRICA |
| 650 ## - SUBJECT ADDED ENTRY--TOPICAL TERM | |
| Topical term or geographic name entry element | SWAZILAND |
| 650 ## - SUBJECT ADDED ENTRY--TOPICAL TERM | |
| Topical term or geographic name entry element | ZAMBIA |
| 650 ## - SUBJECT ADDED ENTRY--TOPICAL TERM | |
| Topical term or geographic name entry element | ZIMBABWE |
| 690 ## - LOCAL SUBJECT ADDED ENTRY--TOPICAL TERM (OCLC, RLIN) | |
| Topical term or geographic name as entry element | CAREERS, EDUCATION AND TRAINING-CAREERS IN SURVEYING |
| 700 ## - ADDED ENTRY--PERSONAL NAME | |
| Personal name | Martin, Colin |
| International Standard Serial Number | Editor |
| 700 ## - ADDED ENTRY--PERSONAL NAME | |
| Personal name | Florek, Ryszard |
| International Standard Serial Number | Editor |
| 700 ## - ADDED ENTRY--PERSONAL NAME | |
| Personal name | Makhanya, E. |
| 700 ## - ADDED ENTRY--PERSONAL NAME | |
| Personal name | Goodwin, D. P. |
| 700 ## - ADDED ENTRY--PERSONAL NAME | |
| Personal name | Barry, M. B. |
| 700 ## - ADDED ENTRY--PERSONAL NAME | |
| Personal name | Johnson, S. G. |
| 700 ## - ADDED ENTRY--PERSONAL NAME | |
| Personal name | Pattison, M. C. |
| 700 ## - ADDED ENTRY--PERSONAL NAME | |
| Personal name | Mulolwa, A. |
| 700 ## - ADDED ENTRY--PERSONAL NAME | |
| Personal name | Smith, T. V. |
| 700 ## - ADDED ENTRY--PERSONAL NAME | |
| Personal name | Davies, J. |
| 700 ## - ADDED ENTRY--PERSONAL NAME | |
| Personal name | Teuteberg, B. H. |
| 700 ## - ADDED ENTRY--PERSONAL NAME | |
| Personal name | Guy, N. R. |
| 700 ## - ADDED ENTRY--PERSONAL NAME | |
| Personal name | Mubanga, D. |
| 700 ## - ADDED ENTRY--PERSONAL NAME | |
| Personal name | Tembo, E. |
| 700 ## - ADDED ENTRY--PERSONAL NAME | |
| Personal name | Florek, Ryszard |
| 700 ## - ADDED ENTRY--PERSONAL NAME | |
| Personal name | Raubenheimer, R. |
| 700 ## - ADDED ENTRY--PERSONAL NAME | |
| Personal name | Majde, A. |
| 700 ## - ADDED ENTRY--PERSONAL NAME | |
| Personal name | Habana, G. B. |
| 700 ## - ADDED ENTRY--PERSONAL NAME | |
| Personal name | Mogotlhwane, T. M. R. |
| 700 ## - ADDED ENTRY--PERSONAL NAME | |
| Personal name | Merry, C. L. |
| 700 ## - ADDED ENTRY--PERSONAL NAME | |
| Personal name | Bujakiewicz, A. |
| 700 ## - ADDED ENTRY--PERSONAL NAME | |
| Personal name | Fourie, C. |
| 700 ## - ADDED ENTRY--PERSONAL NAME | |
| Personal name | Greene, O. M. |
| 700 ## - ADDED ENTRY--PERSONAL NAME | |
| Personal name | Matambanadzo, P. |
| 710 ## - ADDED ENTRY--CORPORATE NAME | |
| Corporate name or jurisdiction name as entry element | University of Cape Town |
| Subordinate unit | Department of Surveying |
| 710 ## - ADDED ENTRY--CORPORATE NAME | |
| Corporate name or jurisdiction name as entry element | Association for Surveying Educators of Southern Africa |
| 9 (RLIN) | 967 |
| 942 ## - ADDED ENTRY ELEMENTS (KOHA) | |
| Suppress in OPAC | 0 |
| 948 ## - LOCAL PROCESSING INFORMATION (OCLC); SERIES PART DESIGNATOR (RLIN) | |
| c (OCLC) | 04/03/1997 |
| Withdrawn status | Lost status | Source of classification or shelving scheme | Damaged status | Not for loan | Home library | Current library | Shelving location | Date acquired | Total Checkouts | Full call number | Barcode | Date last seen | Copy number | Price effective from | Koha item type |
|---|---|---|---|---|---|---|---|---|---|---|---|---|---|---|---|
| Dewey Decimal Classification | London | London | Basement | 18/10/1994 | SHELF 202 | 30042800 | 06/08/2019 | 1 | 06/08/2019 | Book |